000 00478nam a2200181Ia 4500
005 20240805005945.0
008 240331s9999 xx 000 0 und d
020 _a9559052039
082 _bGEN
_a374
245 0 _aGender and education in Sri Lanka :
_bwomen, schooling and work
260 _aSri Lanka
_bCentre for Women's Research
_c1991
300 _a130 p .,
650 _aWomen
650 _aEducation
650 _aGender
700 _aJayaweera, S.
_eedt
942 _cL
999 _c2987
_d2987